Ευρωπαϊκή χωροταξική πολιτική : το πρόγραμμα INTERREG και η περίπτωση της περιφέρειας Βορείου Αιγαίου : πτυχιακή εργασία
Αποθηκεύτηκε σε:
| Κύριος συγγραφέας: | |
|---|---|
| Συγγραφή απο Οργανισμό/Αρχή: | |
| Άλλοι συγγραφείς: | |
| Μορφή: | Thesis Βιβλίο |
| Γλώσσα: | Greek |
| Δημοσίευση: |
Μυτιλήνη :
Πανεπιστήμιο Αιγαίου, Τμήμα Γεωγραφίας,
2005
|
| Θέματα: | |
| Διαθέσιμο Online: | http://hdl.handle.net/11610/6126 |
| Ετικέτες: |
Προσθήκη ετικέτας
Δεν υπάρχουν, Καταχωρήστε ετικέτα πρώτοι!
|
MARC
| LEADER | 00000cam a2200000 i 4500 | ||
|---|---|---|---|
| 001 | 1/20299 | ||
| 008 | 051205s2005 gre d | ||
| 035 | |l 10081579 | ||
| 040 | |a GR-MY-UA |b gre |e aacr | ||
| 041 | 0 | |a gre | |
| 082 | 0 | |a 338.9 |2 (22) | |
| 100 | 1 | |a Κούτρας, Γεώργιος. | |
| 245 | 1 | 0 | |a Ευρωπαϊκή χωροταξική πολιτική : |b το πρόγραμμα INTERREG και η περίπτωση της περιφέρειας Βορείου Αιγαίου : πτυχιακή εργασία / |c Κούτρας Γεώργιος ; υπεύθυνος καθηγητής Χωριανόπουλος Ιωάννης |
| 260 | |a Μυτιλήνη : |b Πανεπιστήμιο Αιγαίου, Τμήμα Γεωγραφίας, |c 2005 | ||
| 300 | |a 113 σ.; |b πιν.; |c 30 εκ. | ||
| 502 | |a Πτυχιακή εργασία – Πανεπιστήμιο Αιγαίου, Λέσβος, 2005. | ||
| 504 | |a Βιβλιογραφία: σ. 111-113 | ||
| 610 | 2 | 0 | |a INTERREG (Initiative) |
| 650 | 0 | 0 | |a Economic development projects. |
| 650 | 0 | 0 | |a Rural development |x Political aspects. |
| 650 | 0 | 0 | |a Regional planning |z Greece. |
| 650 | 0 | 0 | |a Regional planning |z Chios (Greece : Nome) |
| 650 | 0 | 0 | |a Regional planning |z Lesbos (Greece : Nome) |
| 650 | 0 | 0 | |a Regional planning |z Greece |z Samos (Nome) |
| 650 | 0 | 0 | |a Dissertations, Academic |z Greece. |
| 700 | 1 | |a Χωριανόπουλος, Ιωάννης. |4 ths | |
| 710 | 2 | |a Πανεπιστήμιο Αιγαίου. |b Σχολή Κοινωνικών Επιστημών. |b Τμήμα Γεωγραφίας. | |
| 852 | |a INST |b LESVOS |c DIATR |e 20051205 |h 347 |p 005100033164 |q 005100033164 |t DIE |y 23 | ||
| 852 | |a INST |b LESVOS |c DIATR |e 20051205 |h 348 |p 005100033603 |q 005100033603 |t DIE |y 23 | ||
| 856 | |u http://hdl.handle.net/11610/6126 | ||
| 901 | |a BIBL1-2005-3 | ||
| 909 | |a Λ |b 125356 | ||
| 909 | |a Λ |b 125357 | ||
| 924 | |a ΚΟΥΤΡΑΣ |b ΓΕΩΡΓΙΟΣ |y ΛΕΣΒΟΣ |z 2005-11 | ||
| 970 | |a ΜΑΡΙΝΑΤΟΥ |b ΜΥΡΣΙΝΗ |z 2005/12/05 | ||